| 000 | 00954nam a22002415i 4500 | ||
|---|---|---|---|
| 001 | 165941 | ||
| 003 | ES-MaACL | ||
| 005 | 20250824033400.0 | ||
| 008 | 050914s1901 it | |||||||| ||ita d | ||
| 040 |
_aCAM _bspa _cCAM |
||
| 100 | 1 |
_aTabanelli, Nicolo. _9133099 |
|
| 245 | 1 | 3 |
_aIl codice del teatro _b: vade-mecum legale per artisti lirici e dramatici, impresari, capicomici, direttori d'orchestra, direzioni teatrali, agenti teatrali, per gli avvocati e per il pubblico / _cNicolo Tabanelli. |
| 260 |
_aMilano : _bU. Hoepli, _c1901 ( _fTip. Allegretti) |
||
| 300 |
_aXI, 328 p. ; _c20 cm. |
||
| 490 | 1 | _aManuali Hoepli | |
| 650 | 7 |
_aTeatro- _xDerecho y legislación- _zItalia _2 _9162386 |
|
| 650 | 7 |
_aTeatro- _xDerecho y legislación- _zItalia _2 _9162386 |
|
| 700 | 1 |
_aHoepli, Ulrico. _9128010 |
|
| 752 |
_aItalia - _dMilán |
||
| 830 | 0 |
_aManuali Hoepli _9180782 |
|
| 852 |
_aES-MaACL _jD-3603 _z- Enc. tela |
||
| 999 |
_c165941 _d165941 |
||